[Event "European Rapid Championship 2021"]
[Site "Katowice"]
[Date "2021.12.18"]
[Round "4.6"]
[White "Kalogeris, Ioannis"]
[Black "Pultinevicius, Paulius"]
[Result "1/2-1/2"]
[WhiteElo "2357"]
[BlackElo "2536"]
[Annotator "TA"]
[PlyCount "148"]
[EventDate "2021.12.18"]
[EventType "swiss"]
[EventCountry "POL"]
[SourceTitle "playchess.com"]
[Source "ChessBase"]
[SourceQuality "1"]

{[%evp 9,148,1,29,30,30,23,35,42,62,16,6,0,9,0,20,7,27,-12,-10,-12,0,-10,0,-20,
-1,-30,0,0,0,0,0,0,0,0,6,6,20,2,59,53,49,0,25,13,127,0,18,0,15,0,8,0,20,0,9,0,
0,-14,0,0,23,25,24,25,17,0,0,-14,6,27,4,6,39,14,10,0,0,0,4,0,23,35,79,0,0,0,73,
42,36,0,0,0,0,0,0,0,45,-24,0,-4,0,-92,0,0,47,0,0,17,25,0,272,0,0,0,20,0,0,0,0,
-35,-48,-489,-61,-429,0,-947,0,0,0,0,0,0,0,0,0,0,0,0,0,0,0]} 1. e4 c6 2. d4 d5
3. e5 Bf5 4. Nf3 e6 5. Nbd2 Ne7 6. Nb3 {B12: Caro-Kann: Advance Variation.} Nd7
7. Be2 Ng6 8. O-O {White is slightly better.} f6 {[%cal Rf6e5]} 9. exf6 (9. Ne1
$1 $14) 9... Qxf6 $11 10. Bg5 Qf7 11. Nh4 {[#]} Bd6 $146 ({Predecessor:} 11...
Be7 12. Nxf5 exf5 13. Bxe7 Qxe7 14. c4 O-O 15. cxd5 cxd5 16. Re1 Qg5 17. Bf3 f4
18. Rc1 {½-½ (18) Lobzhanidze,D (2425)-Medvegy,Z (2542) Germany 2015}) 12.
Nxf5 exf5 13. Bd2 O-O 14. f4 Nf6 15. g3 Rfe8 {[%cal Bf8e8,Be8e6,Be6b6][%mdl 32]
} 16. Bf3 Ne4 17. Re1 Re6 18. Nc1 c5 19. dxc5 Bxc5+ 20. Be3 Bxe3+ 21. Rxe3 Rb6
22. Nb3 Rc8 23. Rb1 Nf8 ({Black should try} 23... Ne7 $11) 24. Rd3 $1 $14 Rd6
25. Nd4 (25. c4 $1 $14 {deserves consideration.}) 25... Rc5 26. c3 Nd7 (26...
g6 $11) 27. Qf1 (27. b4 $1 $16 {[%cal Rb4c5]} Rc8 28. Nb5) 27... g6 28. Rbd1 {
And now b4 would win.} Ndf6 29. Nb3 Rc7 30. Rd4 Rcd7 31. Qb5 b6 32. a4 Qe6 33.
Nc1 Kg7 34. Nd3 h5 35. Ne5 Rd8 36. Qa6 Qe7 37. a5 Nc5 38. Qb5 Qc7 (38... a6 $5
{[%cal Ra6b5]} 39. Qf1 bxa5 $15) 39. axb6 Rxb6 40. Qe2 {[%cal Rf3d5]} Rbd6 (
40... Rdb8 $5 {[%cal Rb6b2]}) 41. Kg2 h4 42. Qb5 Rb6 43. Qe2 Rbd6 44. Rb4 Re8
45. Qf2 Nfe4 (45... hxg3 $14 46. hxg3 (46. Qxg3 Nfe4 $11) 46... Rdd8) 46. Qd4 (
46. Bxe4 $16 Nxe4 47. Qd4) 46... Ne6 $1 $11 {Pair of Knights!} 47. Qe3 {
[%cal Rf3e4]} Nf6 (47... g5 $11) 48. Ra1 {White is more active.} (48. gxh4 $5 {
[%cal Rg2h1]} Rb6 49. Rxb6 axb6 50. h5 $16 (50. Bxd5 Nxf4+ 51. Qxf4 Rxe5 $15))
48... a6 49. Qd3 Nc5 50. Qd4 Ne6 51. Qd3 Nc5 52. Qd4 Kh7 (52... Ne6 $11 53. Qe3
Ne4) 53. Nd3 (53. gxh4 $14 Ne6 54. Qe3) 53... Nfe4 {[%cal Oh4h3]} 54. Ne5 g5
55. Qd1 (55. fxg5 $11 hxg3 56. hxg3) 55... Kg8 (55... Rg8 $1 $17 56. Bxe4 dxe4
57. Qh5+ Rh6 58. Qf7+ Qxf7 59. Nxf7 gxf4 60. Nxh6 Kxh6) 56. Bxe4 dxe4 (56...
Nxe4 $11 57. Qh5 h3+ 58. Kg1 (58. Kxh3 Re7 $11) (58. Qxh3 gxf4 59. Qxf5 fxg3
$11) 58... Rde6) 57. Rd4 (57. Qh5 $14 Re7 58. Qxg5+ Rg7 59. Qxf5) 57... Red8
58. Qh5 (58. fxg5 Ne6 59. Qh5 Nxd4 60. cxd4 hxg3 61. hxg3 Qh7 62. Qxh7+ Kxh7
$15) 58... gxf4 59. gxf4 {Kh1 is the strong threat. Really sharp!} Ne6 $2 {
[%mdl 8192] [#]} (59... Rxd4 $2 60. cxd4 Ne6 61. Rg1 $18 (61. Qxh4 Rxd4 62.
Rxa6 Qc2+ 63. Kh3 Qb3+ 64. Qg3+ Qxg3+ 65. hxg3 Ng7 $16) (61. Qxf5 Ng7 $16)) (
59... Qh7 $1 $11 {and Black has nothing to worry.} 60. Qe2 h3+ 61. Kh1 Nd3) 60.
Kh1 $1 Rxd4 61. cxd4 Ng7 62. Qh6 e3 63. Qxa6 (63. Qxh4 Rxd4 64. Qh3 Qb7+ 65.
Qf3 (65. Qg2 Qxg2+ 66. Kxg2 Ne6 $17) 65... Qxf3+ 66. Nxf3 Rxf4 $17) 63... Rxd4
64. Re1 Rxf4 65. Qf6 $2 {[%mdl 8192]} ({Avoid the trap} 65. Qa8+ $2 Kh7 66. Nf3
Qe7 $19) (65. Nf3 $1 $15) 65... Qb7+ $2 (65... e2 $19 {aiming for ...Rf1+.} 66.
Kg2 h3+ 67. Kxh3 Re4) 66. Kg1 $2 {[%mdl 8192]} ({Only move:} 66. Qc6 $1 $15
Qxc6+ 67. Nxc6) 66... Qc7 $2 ({Black should play} 66... e2 $19 {[%cal Of4f1] (
-> ...Rf1+!)} 67. Rxe2 (67. Qd8+ $2 Kh7 $19) 67... Qd5) 67. Rd1 $2 {[%mdl 8192]
[#] Prevents Rf1+.} (67. Ra1 $11 Rb4 68. Ra8+ Rb8 69. Rxb8+ Qxb8 70. Qf7+ (70.
Ng6 Kh7 $11) 70... Kh7 71. Qg6+ Kg8 72. Qf7+ Kh7 73. Qg6+ Kg8 74. Qf7+) 67...
Rd4 $3 {[%mdl 512]} 68. Rxd4 {The position is equal.} Qc1+ 69. Kg2 {Intending
Rd8+ and mate.} Qxb2+ 70. Kh3 {White wants to mate with Qf7+.} Qxd4 71. Qf7+
Kh7 72. Qg6+ Kg8 73. Qf7+ Kh7 74. Qg6+ Kg8 {Weighted Error Value: White=0.23 
(precise) /Black=0.25 (precise)} 1/2-1/2

[Event "European Rapid Championship 2021"]
[Site "Katowice"]
[Date "2021.12.18"]
[Round "4.7"]
[White "Donchenko, Alexander"]
[Black "Kulon, Klaudia"]
[Result "1-0"]
[WhiteElo "2535"]
[BlackElo "2328"]
[Annotator "ChessBase"]
[PlyCount "81"]
[EventDate "2021.12.18"]
[EventType "swiss"]
[EventCountry "POL"]
[SourceTitle "playchess.com"]
[Source "ChessBase"]
[SourceQuality "1"]
[TimeControl "900+10"]

1. Nf3 {[%emt 0:00:03]} Nf6 {[%emt 0:00:02]} 2. c4 {[%emt 0:00:02]} g6 {
[%emt 0:00:02]} 3. Nc3 {[%emt 0:00:03]} Bg7 {[%emt 0:00:02]} 4. e4 {[%emt 0:00:
08]} d6 {[%emt 0:00:02]} 5. d4 {[%emt 0:00:03]} O-O {[%emt 0:00:03]} 6. Be2 {
[%emt 0:00:03]} e5 {[%emt 0:00:02]} 7. O-O {[%emt 0:00:11]} exd4 {[%emt 0:00:
05]} 8. Nxd4 {[%emt 0:00:02]} Re8 {[%emt 0:00:02]} 9. f3 {[%emt 0:00:03]} c6 {
[%emt 0:00:02]} 10. Kh1 {[%emt 0:00:07]} Nbd7 {[%emt 0:00:05]} 11. Bg5 {
[%emt 0:01:29]} Qb6 {[%emt 0:00:26]} 12. Nb3 {[%emt 0:00:23]} a5 {[%emt 0:00:
08]} 13. Qd2 {[%emt 0:00:58]} a4 {[%emt 0:00:04]} 14. Be3 {[%emt 0:00:25]} Qd8
{[%emt 0:00:45]} 15. Nd4 {[%emt 0:00:06]} Nc5 {[%emt 0:01:42]} 16. Rad1 {
[%emt 0:00:14]} Nh5 {[%emt 0:00:02]} 17. Nxc6 {[%emt 0:01:39]} bxc6 {[%emt 0:
02:03]} 18. Bxc5 {[%emt 0:00:03]} Qh4 {[%emt 0:02:20]} 19. Bf2 {[%emt 0:00:55]}
Qf4 {[%emt 0:00:30]} 20. Be3 {[%emt 0:00:21]} Qh4 {[%emt 0:00:51]} 21. Bg5 {
[%emt 0:01:22]} Ng3+ {[%emt 0:00:10]} 22. Kg1 {[%emt 0:00:02]} Nxf1 {[%emt 0:
00:18]} 23. Rxf1 {[%emt 0:02:08]} Qh5 {[%emt 0:00:52]} 24. h4 {[%emt 0:02:34]}
Re5 {[%emt 0:05:03]} 25. f4 {[%emt 0:00:27]} Rxg5 {[%emt 0:00:04]} 26. Bxh5 {
[%emt 0:00:02]} Rxh5 {[%emt 0:00:02]} 27. Qxd6 {[%emt 0:00:18]} Be6 {[%emt 0:
00:09]} 28. g3 {[%emt 0:01:11]} a3 {[%emt 0:00:34]} 29. e5 {[%emt 0:00:19]}
axb2 {[%emt 0:00:16]} 30. Rb1 {[%emt 0:00:32]} Bf8 {[%emt 0:00:25]} 31. Qd4 {
[%emt 0:00:13]} Ba3 {[%emt 0:00:27]} 32. Ne4 {[%emt 0:00:05]} Bf5 {[%emt 0:00:
52]} 33. Nf6+ {[%emt 0:00:13]} Kf8 {[%emt 0:00:03]} 34. Rxb2 {[%emt 0:00:11]}
Bxb2 {[%emt 0:00:04]} 35. Qxb2 {[%emt 0:00:05]} Rh6 {[%emt 0:00:05]} 36. a4 {
[%emt 0:00:17]} Bc8 {[%emt 0:00:51]} 37. Qb6 {[%emt 0:00:22]} Kg7 {[%emt 0:00:
34]} 38. Qxc6 {[%emt 0:00:05]} Rb8 {[%emt 0:00:01]} 39. Qe8 {[%emt 0:00:09]}
Rh5 {[%emt 0:00:25]} 40. Qg8+ {[%emt 0:00:05]} Kh6 {[%emt 0:00:01]} 41. Qf8# {
[%emt 0:00:02]} 1-0

[Event "European Rapid Championship 2021"]
[Site "Katowice"]
[Date "2021.12.18"]
[Round "4.7"]
[White "Kacprzak, Karol"]
[Black "Kowalski, Igor"]
[Result "1/2-1/2"]
[WhiteElo "2038"]
[BlackElo "2295"]
[Annotator "NA"]
[PlyCount "39"]
[EventDate "2021.12.18"]
[EventType "swiss"]
[EventCountry "POL"]
[SourceTitle "playchess.com"]
[Source "ChessBase"]
[SourceQuality "1"]
[TimeControl "900+10"]

1. e4 {[%emt 0:00:01]} e6 {[%emt 0:00:01]} 2. d4 {[%emt 0:00:03]} d5 {[%emt 0:
00:01]} 3. Nc3 {[%emt 0:00:07]} Bb4 {[%emt 0:00:02]} 4. e5 {[%emt 0:00:10]} Ne7
{[%emt 0:00:01]} 5. Bd2 {[%emt 0:00:31]} b6 {[%emt 0:00:03]} 6. f4 {[%emt 0:00:
32]} O-O {[%emt 0:00:21]} 7. Nf3 {[%emt 0:00:06]} Ba6 {[%emt 0:00:16]} 8. Bxa6
{[%emt 0:00:04]} Nxa6 {[%emt 0:00:01]} 9. Ne2 {[%emt 0:00:01]} Bxd2+ {[%emt 0:
00:05]} 10. Qxd2 {[%emt 0:00:03]} c5 {[%emt 0:00:12]} 11. c3 {[%emt 0:02:31]}
cxd4 {[%emt 0:01:31]} 12. cxd4 {[%emt 0:00:26]} Qd7 {[%emt 0:00:41]} 13. O-O {
[%emt 0:00:29]} Rac8 {[%emt 0:00:12]} 14. Rac1 {[%emt 0:00:56]} h6 {[%emt 0:00:
14]} 15. Ng3 {[%emt 0:01:32]} Qa4 {[%emt 0:00:34]} 16. a3 {[%emt 0:00:32]} Nc7
{[%emt 0:02:38]} 17. Qd3 {[%emt 0:02:53]} Qb5 {[%emt 0:03:48]} 18. Qd2 {
[%emt 0:00:51]} Qa4 {[%emt 0:01:29]} 19. Qd3 {[%emt 0:00:09]} Qb5 {[%emt 0:01:
25]} 20. Qd2 {[%emt 0:01:01]} 1/2-1/2

[Event "European Rapid Championship 2021"]
[Site "Katowice"]
[Date "2021.12.18"]
[Round "4.8"]
[White "Mis, Mieszko"]
[Black "Durarbayli, Vasif"]
[Result "1/2-1/2"]
[WhiteElo "2237"]
[BlackElo "2532"]
[Annotator "ChessBase"]
[PlyCount "83"]
[EventDate "2021.12.18"]
[EventType "swiss"]
[EventCountry "POL"]
[SourceTitle "playchess.com"]
[Source "ChessBase"]
[SourceQuality "1"]
[TimeControl "900+10"]

1. d4 {[%emt 0:00:03]} Nf6 {[%emt 0:00:00]} 2. c4 {[%emt 0:00:03]} e6 {[%emt 0:
00:01]} 3. Nc3 {[%emt 0:00:10]} Bb4 {[%emt 0:00:02]} 4. Qc2 {[%emt 0:00:04]} d6
{[%emt 0:00:08]} 5. Nf3 {[%emt 0:00:12]} Nbd7 {[%emt 0:00:04]} 6. g3 {[%emt 0:
00:21]} b6 {[%emt 0:00:03]} 7. Bg2 {[%emt 0:00:04]} Bb7 {[%emt 0:00:02]} 8. O-O
{[%emt 0:00:05]} Bxc3 {[%emt 0:00:08]} 9. Qxc3 {[%emt 0:00:02]} O-O {[%emt 0:
00:03]} 10. b3 {[%emt 0:00:05]} a5 {[%emt 0:00:16]} 11. Bb2 {[%emt 0:00:35]}
Qe7 {[%emt 0:00:10]} 12. Rad1 {[%emt 0:01:09]} Ne4 {[%emt 0:01:25]} 13. Qc2 {
[%emt 0:00:08]} f5 {[%emt 0:00:03]} 14. d5 {[%emt 0:00:52]} exd5 {[%emt 0:01:
17]} 15. cxd5 {[%emt 0:00:09]} Ndc5 {[%emt 0:00:03]} 16. Nd4 {[%emt 0:02:32]}
Rae8 {[%emt 0:04:25]} 17. e3 {[%emt 0:02:47]} g6 {[%emt 0:03:48]} 18. Ne6 {
[%emt 0:00:41]} Nxe6 {[%emt 0:00:03]} 19. dxe6 {[%emt 0:00:02]} h5 {[%emt 0:00:
20]} 20. a3 {[%emt 0:02:51]} Kh7 {[%emt 0:00:28]} 21. b4 {[%emt 0:00:30]} Rc8 {
[%emt 0:02:03]} 22. bxa5 {[%emt 0:00:46]} bxa5 {[%emt 0:00:07]} 23. Rb1 {
[%emt 0:00:44]} Qxe6 {[%emt 0:00:43]} 24. Bc3 {[%emt 0:01:56]} Ba8 {[%emt 0:00:
57]} 25. Bxa5 {[%emt 0:00:10]} Rf7 {[%emt 0:00:02]} 26. Rfd1 {[%emt 0:00:30]}
Ng5 {[%emt 0:00:33]} 27. h4 {[%emt 0:00:46]} Bxg2 {[%emt 0:01:13]} 28. Kxg2 {
[%emt 0:00:03]} Ne4 {[%emt 0:00:01]} 29. Bc3 {[%emt 0:00:16]} Qc4 {[%emt 0:00:
16]} 30. Rdc1 {[%emt 0:00:11]} Qc6 {[%emt 0:00:15]} 31. Bd4 {[%emt 0:00:17]}
Qa8 {[%emt 0:00:22]} 32. f3 {[%emt 0:00:35]} Nf6 {[%emt 0:00:01]} 33. Qb3 {
[%emt 0:00:22]} Kg7 {[%emt 0:00:46]} 34. Qe6 {[%emt 0:00:27]} c5 {[%emt 0:00:
02]} 35. Bxf6+ {[%emt 0:00:12]} Rxf6 {[%emt 0:00:01]} 36. Qe7+ {[%emt 0:00:02]}
Rf7 {[%emt 0:00:06]} 37. Qxd6 {[%emt 0:00:01]} Kh7 {[%emt 0:00:31]} 38. Rb6 {
[%emt 0:00:19]} Rg7 {[%emt 0:00:01]} 39. Ra6 {[%emt 0:00:18]} Qb7 40. Rb6 {
[%emt 0:00:02]} Qa8 {[%emt 0:00:01]} 41. Ra6 {[%emt 0:00:01]} Qb7 {[%emt 0:00:
04]} 42. Rb6 {[%emt 0:00:05]} 1/2-1/2

[Event "European Rapid Championship 2021"]
[Site "Katowice"]
[Date "2021.12.18"]
[Round "4.8"]
[White "Malek, Jan"]
[Black "Lubczynski, Rafal"]
[Result "1-0"]
[WhiteElo "2029"]
[BlackElo "2289"]
[Annotator "NA"]
[PlyCount "37"]
[EventDate "2021.12.18"]
[EventType "swiss"]
[EventCountry "POL"]
[SourceTitle "playchess.com"]
[Source "ChessBase"]
[SourceQuality "1"]
[TimeControl "900+10"]

1. e4 {[%emt 0:00:01]} d6 {[%emt 0:01:22]} 2. d4 {[%emt 0:00:02]} Nf6 {[%emt 0:
00:01]} 3. Nc3 {[%emt 0:00:01]} e5 {[%emt 0:00:01]} 4. Nf3 {[%emt 0:00:01]}
Nbd7 {[%emt 0:00:01]} 5. Rg1 {[%emt 0:00:01]} g6 {[%emt 0:00:03]} 6. g4 {
[%emt 0:00:14]} Bg7 {[%emt 0:00:01]} 7. Be3 {[%emt 0:00:10]} c6 {[%emt 0:00:07]
} 8. a4 {[%emt 0:00:30]} Qa5 {[%emt 0:00:39]} 9. Nd2 {[%emt 0:00:06]} h5 {
[%emt 0:08:03]} 10. Nc4 {[%emt 0:02:08]} Qc7 {[%emt 0:00:01]} 11. dxe5 {
[%emt 0:00:47]} dxe5 {[%emt 0:00:01]} 12. h3 {[%emt 0:00:29]} hxg4 {[%emt 0:00:
02]} 13. hxg4 {[%emt 0:00:01]} Bf8 {[%emt 0:00:46]} 14. Qf3 {[%emt 0:00:45]}
Be7 {[%emt 0:03:06]} 15. Rd1 {[%emt 0:00:20]} Nf8 {[%emt 0:00:14]} 16. Nd6+ {
[%emt 0:00:15]} Bxd6 {[%emt 0:01:21]} 17. Qxf6 {[%emt 0:00:02]} Rh2 {[%emt 0:
00:02]} 18. Qxd6 {[%emt 0:00:06]} Qa5 {[%emt 0:00:05]} 19. Bc5 {[%emt 0:00:10]}
1-0

[Event "European Rapid Championship 2021"]
[Site "Katowice"]
[Date "2021.12.18"]
[Round "4.9"]
[White "Klekowski, Maciej"]
[Black "Cukrowski, Filip"]
[Result "1-0"]
[WhiteElo "2528"]
[BlackElo "2373"]
[Annotator "TA"]
[PlyCount "137"]
[EventDate "2021.12.18"]
[EventType "swiss"]
[EventCountry "POL"]
[SourceTitle "playchess.com"]
[Source "ChessBase"]
[SourceQuality "1"]

{[%evp 14,137,41,26,72,77,90,75,75,69,69,52,56,14,41,25,52,-15,27,14,12,0,36,5,
50,54,40,45,36,0,0,0,0,0,53,45,145,125,139,109,153,112,112,118,118,122,129,90,
137,153,154,153,170,166,195,144,325,331,327,301,280,168,152,125,268,253,250,
250,297,277,256,198,203,152,143,106,311,291,273,202,345,343,297,134,261,8,8,8,
8,8,8,6,875,778,2140,1920,2285,2285,1783,810,29964,29965,29956,10744,4606,4308,
29978,29978,29974,29977,29973,0,29955,0,29975,0,1995,72,29978,29979,29979,
29980,29979,29980,29971,29963]} 1. c4 Nf6 2. Nc3 c5 3. Nf3 b6 4. g3 Bb7 5. Bg2
d6 6. O-O g6 7. Re1 Bg7 8. e4 Nbd7 {A30: Symmetrical English: Double
Fianchetto and Hedgehog.} (8... Nc6 $11 {is more appropriate.}) 9. d4 $16 {
Black must now prevent e5.} cxd4 10. Nxd4 {[%cal Oe4e5]} Qc8 {White is better.}
11. b3 {White is much more active. Black has bad knights.} O-O {[#]} 12. h3
$146 ({Predecessor:} 12. Bb2 a6 13. Rc1 Re8 14. h3 Qb8 15. Kh2 Qa7 16. a4 Rac8
17. Nc2 Nc5 18. Ne3 Nfxe4 {0-1 (34) Nagy,G (2573)-Terry,R (2834) Chess.com INT
2019}) 12... Nc5 13. g4 (13. Bg5 $14 {might be stronger.}) 13... Nfd7 14. Be3
Ne5 15. Nd5 (15. Qd2 $14) 15... Re8 (15... Qd7 $142) 16. Re2 e6 17. Nc3 a6 {
Prevents Ndb5.} 18. Rd2 Qc7 (18... f5 $1 $11 {was preferrable.}) 19. Rc1 $14
Rad8 20. Nde2 f5 {[%cal Rc5e4]} 21. f4 (21. Ng3 $5 {[%cal Rg4f5]}) 21... Nf7 {
[%cal Rf5e4]} 22. exf5 Bxg2 (22... gxf5 23. gxf5 Nh6 24. fxe6 (24. Bxb7 Qxb7
25. Ng3 Nxf5 $16) 24... Bxg2 25. Kxg2 $16) 23. fxg6 hxg6 24. Kxg2 Qc6+ (24...
Qb7+ $14 25. Kh2 b5) 25. Kh2 $1 $16 Qf3 26. Qg1 b5 ({Better is} 26... d5) 27.
b4 ({White should play} 27. cxb5 {Hoping for b6.} axb5 28. Qg3 (28. Nxb5 Ne4
$16)) 27... Ne4 28. Nxe4 Qxe4 29. Ng3 $1 Qc6 30. Qg2 Qxg2+ (30... d5 $142) 31.
Kxg2 bxc4 32. Rxc4 d5 33. Rc6 $36 {[%mdl 2048] White is on the roll.} Rd6 34.
Rc7 (34. Rdc2 $18) 34... Rb8 $2 (34... d4 $16) 35. Bc5 $18 Rdd8 36. Rc6 {
[%csl LRa6,LRe6]} Bc3 37. Rf2 Re8 38. f5 gxf5 (38... Ne5 $16 {was necessary.}
39. Rxe6 Rxe6 40. fxe6 Nd3) 39. gxf5 e5 40. Rg6+ (40. Rxa6 $6 Bxb4 41. Rg6+ Kh8
) 40... Kh7 41. Nh5 (41. Rxa6 $6 Bxb4 42. Bxb4 Rxb4 $18) 41... e4 42. Rf4 {
Threatening mate with Rh4.} Rg8 43. Rfg4 Nh6 44. Rxg8 {The board is on fire.}
Rxg8 (44... Nxg8 $16 45. Rh4 Nh6) 45. Rxg8 Kxg8 $16 {[%mdl 4096] Endgame
KBN-KBN} 46. Ng3 Kg7 (46... Kf7 $142 47. a4 Ke8) 47. a4 $1 $18 Be5 48. Be3 (48.
a5 $18 {is more deadly.}) 48... Nf7 (48... Ng8 $16 49. b5 axb5 50. axb5 (50.
Nh5+ Kf7 $16) 50... Nf6) 49. b5 $2 (49. Nh5+ $1 $18 Kf8 50. Nf4) 49... axb5 $11
50. a5 Nd8 $1 {Threatens to win with ...Nc6.} 51. a6 {a7 would kill now.} Nc6
52. Ne2 {[%cal Oe2d4] Nd4! is the strong threat.} (52. a7 Nxa7 $1 53. Bxa7 (53.
Nh5+ Kf7 $17) 53... b4 $15) 52... b4 $2 {[%mdl 8192] [#] White leaves nothing
to chance now.} (52... d4 53. Nxd4 $1 {[%mdl 512]} Bxd4 54. Bxd4+ Kh6 55. Bf6
$18) (52... Kf6 $11) 53. Nd4 $1 $18 {[%mdl 512]} Bxd4 (53... b3 54. Nxc6) 54.
Bxd4+ {KB-KN} Kf7 {[#]} 55. h4 $1 {[%cal Bh3h4,Bh4h5][%mdl 32]} b3 56. Bb2 (56.
a7 Nxa7 $1 {[%mdl 512]} 57. h5 Nb5 $19) (56. Ba1 $142 Na7 57. Kf2) 56... d4 57.
h5 $1 (57. a7 Nxa7 58. Bxd4 Nb5 $11) 57... Kg7 58. Kg3 {White wants to mate
with Kf4.} (58. a7 Nxa7 59. Bxd4+ Kg8 $11) 58... e3 59. Kf3 (59. a7 Nxa7 60.
Bxd4+ Kg8 $11) 59... Kh6 60. f6 Kh7 61. Ke2 Kh6 62. Kd3 $2 (62. Ba3 Kh7 63. f7
b2 64. Bxb2 Kg7 65. a7 Nxa7 66. Bxd4+ Kf8 67. Bc5+ Kxf7 68. Bxa7) 62... Kh7 $2
{[%mdl 8192]} (62... Ne5+ $11 63. Ke2 Nc6) 63. Bc1 $2 (63. a7 {mates} Nxa7 64.
Bxd4 e2 65. Kd2 Kg8 66. h6 (66. Bxa7 $2 b2 $19) 66... Nb5 67. h7+ Kxh7 68. f7
$1) 63... Kh6 $2 {[%mdl 8192] [#]} (63... Nb4+ $11 64. Ke2 (64. Kxd4 e2 $11)
64... Nxa6) 64. Bb2 (64. Ke2 $142 $1 b2 65. Bxb2 Kh7 {[#]} 66. Bxd4 $1 {
[%mdl 512]} Nxd4+ 67. Kxe3 Nb5 68. Ke4 Kg8 69. h6) 64... Kh7 65. Ba3 $2 (65. a7
$18 {is the precise move to win.} Nxa7 66. Bxd4) 65... Ne5+ $2 {[%mdl 8192]} (
65... b2 $16 66. Bxb2 Nb4+ 67. Ke2 (67. Kxd4 e2 $16) 67... Nxa6) 66. Ke2 {
White mates.} d3+ 67. Kxe3 Nc4+ 68. Kxd3 Nxa3 69. Kc3 {Weighted Error Value:
White=0.30/Black=0.51} 1-0

[Event "European Rapid Championship 2021"]
[Site "Katowice"]
[Date "2021.12.18"]
[Round "4.9"]
[White "Povilaitis, Tomas"]
[Black "Budrewicz, Krzysztof"]
[Result "0-1"]
[WhiteElo "2006"]
[BlackElo "2281"]
[Annotator "NA"]
[PlyCount "118"]
[EventDate "2021.12.18"]
[EventType "swiss"]
[EventCountry "POL"]
[SourceTitle "playchess.com"]
[Source "ChessBase"]
[SourceQuality "1"]
[TimeControl "900+10"]

1. e4 {[%emt 0:00:03]} g6 {[%emt 0:00:16]} 2. d4 {[%emt 0:00:02]} Bg7 {[%emt 0:
00:01]} 3. Nc3 {[%emt 0:00:01]} c5 {[%emt 0:00:10]} 4. d5 {[%emt 0:01:08]} d6 {
[%emt 0:00:18]} 5. f4 {[%emt 0:00:39]} a6 {[%emt 0:00:09]} 6. a4 {[%emt 0:00:
04]} e6 {[%emt 0:00:03]} 7. Nf3 {[%emt 0:00:10]} exd5 {[%emt 0:00:11]} 8. Nxd5
{[%emt 0:00:17]} Ne7 {[%emt 0:00:58]} 9. Bc4 {[%emt 0:00:36]} Nbc6 {[%emt 0:00:
17]} 10. O-O {[%emt 0:00:16]} O-O {[%emt 0:01:17]} 11. c3 {[%emt 0:00:54]} Na5
{[%emt 0:00:42]} 12. Nxe7+ {[%emt 0:00:21]} Qxe7 {[%emt 0:00:02]} 13. Bd5 {
[%emt 0:00:01]} Be6 {[%emt 0:00:15]} 14. Be3 {[%emt 0:01:13]} Rfe8 {[%emt 0:00:
37]} 15. Bf2 {[%emt 0:00:02]} Bxd5 {[%emt 0:00:12]} 16. Qxd5 {[%emt 0:00:02]}
Qxe4 {[%emt 0:01:06]} 17. Qxd6 {[%emt 0:00:02]} Rad8 {[%emt 0:00:01]} 18. Qb6 {
[%emt 0:01:11]} Nc4 {[%emt 0:00:25]} 19. Qxc5 {[%emt 0:01:37]} Nxb2 {[%emt 0:
00:11]} 20. Ng5 {[%emt 0:03:52]} Qc6 {[%emt 0:05:08]} 21. Qb4 {[%emt 0:02:32]}
Re2 {[%emt 0:00:34]} 22. Rab1 {[%emt 0:02:05]} Bxc3 {[%emt 0:01:19]} 23. Qb3 {
[%emt 0:00:01]} Rd7 {[%emt 0:00:30]} 24. Rbc1 {[%emt 0:00:21]} Nxa4 {[%emt 0:
00:08]} 25. Nf3 {[%emt 0:01:09]} Rb2 {[%emt 0:00:58]} 26. Qa3 {[%emt 0:00:16]}
f6 {[%emt 0:02:27]} 27. Rxc3 {[%emt 0:00:17]} Qxc3 {[%emt 0:00:13]} 28. Qxa4 {
[%emt 0:00:01]} Qd3 {[%emt 0:00:25]} 29. Re1 {[%emt 0:00:03]} Kg7 {[%emt 0:00:
19]} 30. Qa1 {[%emt 0:00:18]} Re2 {[%emt 0:00:08]} 31. Rf1 {[%emt 0:00:05]} Qe4
{[%emt 0:00:07]} 32. Bh4 {[%emt 0:00:29]} Rd6 {[%emt 0:00:13]} 33. Qc3 {
[%emt 0:00:02]} Qe3+ {[%emt 0:00:11]} 34. Qxe3 {[%emt 0:00:01]} Rxe3 {[%emt 0:
00:01]} 35. Rc1 {[%emt 0:00:08]} Rd7 {[%emt 0:00:09]} 36. Bf2 {[%emt 0:00:03]}
Re4 {[%emt 0:00:01]} 37. g3 {[%emt 0:00:10]} Ra4 {[%emt 0:00:01]} 38. Nd4 {
[%emt 0:00:13]} Kf7 {[%emt 0:00:13]} 39. f5 {[%emt 0:00:02]} b5 {[%emt 0:00:05]
} 40. Nb3 {[%emt 0:00:15]} Rc4 {[%emt 0:00:12]} 41. Ra1 {[%emt 0:00:16]} Rd6 {
[%emt 0:00:05]} 42. Nc5 {[%emt 0:00:15]} Rc6 {[%emt 0:00:01]} 43. fxg6+ {
[%emt 0:00:21]} hxg6 {[%emt 0:00:01]} 44. Nxa6 {[%emt 0:00:08]} Ra4 {[%emt 0:
00:03]} 45. Rxa4 {[%emt 0:00:09]} bxa4 {[%emt 0:00:01]} 46. Nb4 {[%emt 0:00:16]
} Rc1+ {[%emt 0:00:01]} 47. Kg2 {[%emt 0:00:01]} a3 {[%emt 0:00:06]} 48. Kf3 {
[%emt 0:00:25]} Rc3+ {[%emt 0:00:13]} 49. Ke2 {[%emt 0:00:07]} a2 {[%emt 0:00:
01]} 50. Nxa2 {[%emt 0:00:04]} Rc2+ {[%emt 0:00:01]} 51. Kf3 {[%emt 0:00:03]}
Rxa2 {[%emt 0:00:01]} 52. h4 {[%emt 0:00:07]} Ra4 {[%emt 0:00:08]} 53. Be3 {
[%emt 0:00:08]} Ke6 {[%emt 0:00:01]} 54. g4 {[%emt 0:00:06]} f5 {[%emt 0:00:05]
} 55. gxf5+ {[%emt 0:00:14]} Kxf5 {[%emt 0:00:01]} 56. Bg5 {[%emt 0:00:03]}
Ra3+ {[%emt 0:00:01]} 57. Kg2 {[%emt 0:00:06]} Kg4 {[%emt 0:00:02]} 58. Bf6 {
[%emt 0:00:12]} Rg3+ {[%emt 0:00:04]} 59. Kf2 {[%emt 0:00:18]} Rf3+ {[%emt 0:
00:01]} 0-1